Performance of revolver handgun using shotgun ammunition /

'Evaluating the shot clustering, velocity and stopping power of a revolver firing .410 shotgun shells, and a .45 semiautomatic firing conventional ammunition."--Knovel.

Bibliographic Details
Main Author: Cross, Alan
Corporate Author: Knovel (Firm)
Format: eBook
Language:English
Published: [Norwich, N.Y.] : Knovel, [2012]
Subjects:
Online Access:Connect to the full text of this electronic book

MARC

Tag First Indicator Second Indicator Subfields
LEADER 00000cam a2200000Ka 4500
001 in00003837021
006 m o d
007 cr cnu||||||||
008 120524s2012 nyua fob 000 0 eng
005 20260609152355.2
020 |a 9781613447895  |q (eISBN) 
020 |a 1613447892  |q (eISBN) 
035 |a (OCoLC)794372371 
040 |a AU@  |b eng  |e pn  |c AU@  |d GZM  |d OCLCQ  |d OCLCF  |d UWW  |d OCLCQ  |d ZCU  |d UtOrBLW 
049 |a TXAM 
050 4 |a TS537 
100 1 |a Cross, Alan.  |0 http://id.loc.gov/authorities/names/nb99043499 
245 1 0 |a Performance of revolver handgun using shotgun ammunition /  |c by Alan Cross. 
264 1 |a [Norwich, N.Y.] :  |b Knovel,  |c [2012] 
264 4 |c ©2012 
300 |a 1 online resource :  |b illustrations 
336 |a text  |b txt  |2 rdacontent 
337 |a computer  |b c  |2 rdamedia 
338 |a online resource  |b cr  |2 rdacarrier 
500 |a At head of title: Cases. 
504 |a Includes bibliographical references. 
520 |a 'Evaluating the shot clustering, velocity and stopping power of a revolver firing .410 shotgun shells, and a .45 semiautomatic firing conventional ammunition."--Knovel. 
500 |a Electronic resource. 
650 0 |a Pistols.  |0 http://id.loc.gov/authorities/subjects/sh85102471 
650 0 |a Firearms.  |0 http://id.loc.gov/authorities/subjects/sh85048533 
650 7 |a Firearms.  |2 fast  |0 (OCoLC)fst00925573 
650 7 |a Pistols.  |2 fast  |0 (OCoLC)fst01064846 
655 7 |a Electronic books.  |2 local 
710 2 |a Knovel (Firm)  |0 http://id.loc.gov/authorities/names/nr2001027264 
856 4 0 |u http://proxy.library.tamu.edu/login?url=https://app.knovel.com/hotlink/toc/id:kpPRHUSA01/performance-of-revolver  |z Connect to the full text of this electronic book  |t 0 
999 f f |s 621e615b-5421-3af7-81b2-a7c31cf5aec2  |i 0ecfa809-14b9-3e6b-a196-6f9859c410ee  |t 0 
952 f f |a Texas A&M University  |b College Station  |c Electronic Resources  |s www_evans  |d Available Online  |t 0  |e TS537  |h Library of Congress classification 
998 f f |a TS537  |t 0  |l Available Online